| 000 | 00928nam a2200241Ia 4500 | ||
|---|---|---|---|
| 003 | GCL | ||
| 008 | 140319s9999 xx 000 0 ara d | ||
| 040 |
_aGCL / _cGCL |
||
| 082 | 0 | 4 |
_a364.142 _bم ا |
| 100 | 1 | _aمحمد يسرى ابراهيم دعبس | |
| 245 | 1 | 0 |
_aالادمان بين التجريم والمرض : دراسة فى انترويولوجيا الجريمة / _cمحمد يسرى ابراهيم دعبس |
| 260 |
_a[S.N] : _bوكالة البنا للنشر والتوزيع ، _c1994 |
||
| 300 | _a208 | ||
| 490 |
_aعلم الانسان وقضايا المجتمع _v0 |
||
| 650 | 0 | 4 | _aالمخدرات والشباب |
| 650 | 0 | 4 | _aالخدمة الاجتماعية |
| 650 | 0 | 4 | _aمكافحة المخدرات |
| 650 | 0 | 4 | _aادمان المشروبات الروحية |
| 650 | 0 | 4 | _aالفساد الاجتماعى |
| 650 | 0 | 4 | _aضبط النفس |
| 650 | 0 | 4 | _aالادمان |
| 942 |
_2ddc _cBK |
||
| 999 |
_c58915 _d58915 |
||